=LDR 00000nam 2200000 4500 =001 NUTBA000000000002561 =005 20140619155833.0 =006 =007 =008 =020 ##$$a 978-979-1211-56-7 =035 ##$$a 0010-061400000000504 =040 ##$$a NBPDMAT =082 ##$$a 634 =090 ##$$a 634 $b Sin m =100 ##$$a Singgih Sastrodihardja =245 ##$$a Menanam buah organik / Singgih Sastradiharjdja =260 ##$$a Jakarta : $b Azka Press, $c 2007 =300 ##$$a iv, 100 hlm. : $b ilus. ; $c 21 cm. =500 ##$$a Bibliografi : hlm. 99 =650 ##$$a Buah-buahan =990 ##$$a 21401722